000 00862 a2200265 4500
005 20251118125042.0
008 251118b |||||||| |||| 00| 0 eng d
020 _a9781529605167 (pbk)
037 _cTB
040 _apbk
_cpbk
041 _2eng
_aeng
084 _a4:(D65,8(B)):f R4
_qAL
100 _aLindgren, Simon
_9848723
245 _aResearching digital media and society
260 _aLondon, UK:
_bSAGE,
_c2024.
300 _a249p.
365 _b34.99
_cUKP
650 _aMedia
_9852016
650 _aDigital
_9852017
650 _aResearch
_9852018
650 _aComputer Science
_9852019
700 _aKrutrok, Moa Eriksson
_eauthor.
_9852020
942 _cTB
_2CC
_n0
_h4:(D65,8(B)):f R4
999 _c1464840
_d1464840